00412nam a2200169 a 450000100060000000300090000600800410001502000150005604000280007108200140009910000180011324500230013126000310015430000110018549000230019665000230021916210CO-ViMGA141112s2004 ck r 000 u spa d a9580464987 aCO-ViMGAbspacCO-ViMGA04a909 H184h1 aHaugen, Peter10aHistoria del mundo aBogotá : bNorma, c2001 a456.p. aSerie para Dummies14aHISTORIA UNIVERSAL